000 00247nam a22001097a 4500
082 _a380
100 _aSaleemi N.A
245 _aCommercial knowledge and communication
260 _aNairobi,kenya
_bN.A saleemi
_c1991
300 _a270p
942 _cBK
999 _c18024
_d18024